Diccionario de dioses y diosas, diablos y demonios /

שמור ב:
מידע ביבליוגרפי
מחבר ראשי: Lurker, Manfred (autor)
פורמט: ספר
שפה:ספרדית
יצא לאור: Barcelona, España : Paidós, 1999, c1999
נושאים:
תגים: הוספת תג
אין תגיות, היה/י הראשונ/ה לתייג את הרשומה!

MARC

LEADER 00000nam^a2200000^a^4500
001 000169453
005 20250521000000.0
009 20260310101235.795
020 |a 84-493-0785-6 
037 |a Acervo ITESO - Biblioteca 
041 |a ESP 
082 |a 291. 1303  |b LUR 
100 |a Lurker, Manfred  |e (autor) 
245 1 0 |a Diccionario de dioses y diosas, diablos y demonios /  |c M. Lurker ; tr. por Daniel Romero Alvarez. 
264 4 |a Barcelona, España :  |b Paidós,  |c 1999, c1999 
300 |a 428 p. 
336 |a texto  |b txt  |2 rdacontenido 
337 |a sin mediación  |b n  |2 rdamedio 
338 |a volumen  |b nc  |2 rdasoporte 
500 |a Traducción de: Lexikon der Götter und Dämonen 
649 |a XX 
650 |a Dios -  |x Enciclopedias y Diccionarios 
650 |a Diablo -  |x Enciclopedias y Diccionarios 
650 |a Bien y Mal -  |x Enciclopedias y Diccionarios 
650 |a Lo Sobrenatural -  |x Enciclopedias y Diccionarios 
650 |a Lo Sagrado -  |x Enciclopedias y Diccionarios 
650 |a Demonología -  |x Enciclopedias y Diccionarios 
650 |a Teología -  |x Enciclopedias y Diccionarios 
650 |a Simbolismo -  |x Enciclopedias y Diccionarios 
650 |a Creencias 
650 |a Religión -  |x Enciclopedias y Diccionarios 
650 |a Mitología -  |x Enciclopedias y Diccionarios 
650 |a Enciclopedias y Diccionarios 
910 |a Fondo General 
920 |a Impresos - Libros 
930 |a Obras de Referencia 
905 |a 102 
901 |a 0500106489  |b IT2  |c REF  |u 20250521 
902 |a https://opac.biblio.iteso.mx/vufind/Record/000169453